000 00626nam a2200241Ia 4500
003 OSt
005 20240923163723.0
006 a|||||r|||| 00| 0
007 ta
008 220923b |||||||| |||| 00| 0 eng d
020 _a9780743226372
037 _cGeneral Book
040 _aRTL
_cRTL
_beng
041 _2eng
_aeng
082 _aBwN28, N8
100 _aNasar, Sylvia
_9324900
245 0 _aBeautiful mind
260 _aNew York
_bSimon and Schuster Paperbacks
_c1998
300 _a619p
_ccm.
500 _aBibliography: P 581-86
942 _hBwN28, N8
_cGB
_2CC
999 _c634798
_d634798